De la personalidad jurídica de las comunidades religiosas en Chile
Saved in:
| 主要作者: | |
|---|---|
| 格式: | 圖書 |
| 語言: | 西班牙语 |
| 出版: |
Santiago
Imprenta y Encuadernación Chile
1909
|
| 版: | 1a. ed |
| 主題: | |
| 標簽: |
添加標簽
沒有標簽, 成為第一個標記此記錄!
|
MARC
| LEADER | 00000nam a2200000 a 4500 | ||
|---|---|---|---|
| 001 | UCW9877 | ||
| 003 | CL-VaPUC | ||
| 008 | 890703e19090000CL |||||||||||||||||spa|d | ||
| 082 | 0 | 4 | |a 262.9 |b RIC |2 21 |
| 100 | 0 | |a Richard Fontecilla, Enrique |e author |9 315327 | |
| 245 | 1 | 0 | |a De la personalidad jurídica de las comunidades religiosas en Chile |
| 250 | |a 1a. ed | ||
| 300 | |a 269 p | ||
| 942 | |c BK | ||
| 945 | |d 19890703 00:00:00 | ||
| 260 | |a Santiago |b Imprenta y Encuadernación Chile |c 1909 | ||
| 650 | 7 | |a DERECHO CANONICO |2 CL-VaPUC |9 315328 | |
| 650 | 0 | |a Derecho eclesiástico |9 255055 | |
| 650 | 0 | |a Personalidad jurídica |9 315329 | |
| 650 | 0 | |a Iglesia |9 255004 | |
| 650 | 0 | |a Derecho sucesorio |9 255015 | |
| 650 | 0 | |a Comunidades religiosas |9 315330 | |
| 651 | 7 | |a CHILE |2 CL-VaPUC |9 315331 | |
| 583 | |a last modification |c 19890703 00:00:00 |k Rodrigo Vera | ||
| 999 | |c 221730 |d 221728 | ||
| 952 | |0 0 |1 0 |4 0 |6 262_900000000000000_RIC_1909 |7 0 |8 X |9 215512 |a BIBHIS |b BIBHIS |d 2019-11-15 |i 2839253 |l 1 |o 262.9 RIC 1909 |p 2839253 |r 2024-01-30 |s 2022-09-29 |w 2019-11-15 |y BK_X |k HIS | ||
| 952 | |0 0 |1 0 |4 0 |6 262_900000000000000_RIC_1909 |7 0 |8 X |9 215513 |a FDOBUD |b FDOBUD |d 2019-11-15 |i 1044974 |o 262.9 RIC 1909 |p 1044974 |r 2019-11-15 |w 2019-11-15 |y BK_X |k BUD | ||